Lý thuyết hệ nhiều hạt /
Đã lưu trong:
| 主要作者: | |
|---|---|
| 格式: | Sách giấy |
| 語言: | Vietnamese |
| 出版: |
Tp.Hồ Chí Minh :
Đại học Quốc gia,
2000
|
| 標簽: |
添加標簽
沒有標簽, 成為第一個標記此記錄!
|
| Thư viện lưu trữ: | Thư viện Trường Đại học Đà Lạt |
|---|
| LEADER | 00656nam a2200277 4500 | ||
|---|---|---|---|
| 001 | DLU040029201 | ||
| 005 | ##20040922 | ||
| 040 | # | # | |a DLU |b vie |
| 041 | # | # | |a vie |
| 044 | # | # | |a vn |
| 082 | # | # | |a 530.12 |b NG-K |
| 100 | # | # | |a Nguyễn Quốc Khánh |
| 245 | # | # | |a Lý thuyết hệ nhiều hạt / |c Nguyễn Quốc Khánh |
| 260 | # | # | |a Tp.Hồ Chí Minh : |b Đại học Quốc gia, |c 2000 |
| 300 | # | # | |a 145 tr. ; |c 21 cm |
| 923 | # | # | |a 23/2004 |
| 992 | # | # | |a 10.500 |
| 994 | # | # | |a DLU |
| 900 | # | # | |a True |
| 911 | # | # | |a Đào Thị Thu Huyền |
| 925 | # | # | |a G |
| 926 | # | # | |a A |
| 927 | # | # | |a SH |
| 980 | # | # | |a Thư viện Trường Đại học Đà Lạt |